El periodismo y las imprentas de Puerto Cabello, 1806-1945 / (Registro nro. 15326)
[ vista simple ]
| 000 -CABECERA | |
|---|---|
| campo de control de longitud fija | 00737cam a2200217 a 4500 |
| 001 - NÚMERO DE CONTROL | |
| campo de control | 000015779 |
| 005 - FECHA Y HORA DE LA ÚLTIMA TRANSACCIÓN | |
| campo de control | 20200929164141.0 |
| 008 - DATOS DE LONGITUD FIJA--INFORMACIÓN GENERAL | |
| campo de control de longitud fija | 860312s1973 ve a b 000 0 spa |
| 040 ## - FUENTE DE LA CATALOGACIÓN | |
| Centro catalogador/agencia de origen | DO-SdBNP |
| Centro/agencia transcriptor | DLC |
| Centro/agencia modificador | DLC |
| 043 ## - CÓDIGO DE ÁREA GEOGRÁFICA | |
| Código de área geográfica | s-ve--- |
| 082 ## - NÚMERO DE LA CLASIFICACIÓN DECIMAL DEWEY | |
| Número de clasificación | 079.87328 |
| Número de documento/Ítem | B845p |
| 049 ## - FONDOS LOCALES (OCLC) | |
| Fondos de biblioteca | BNGR |
| 100 1# - ENTRADA PRINCIPAL--NOMBRE DE PERSONA | |
| Nombre de persona | Brett Martínez, Alí. |
| Fechas asociadas al nombre | 1922-1979 |
| 9 (RLIN) | 35514 |
| 245 13 - MENCIÓN DE TÍTULO | |
| Título | El periodismo y las imprentas de Puerto Cabello, 1806-1945 / |
| Mención de responsabilidad, etc. | Alí Brett Martínez. |
| 260 ## - PUBLICACIÓN, DISTRIBUCIÓN, ETC. | |
| Lugar de publicación, distribución, etc. | Caracas : |
| Nombre del editor, distribuidor, etc. | Arte, |
| Fecha de publicación, distribución, etc. | 1973. |
| 300 ## - DESCRIPCIÓN FÍSICA | |
| Extensión | 303 p. : |
| Otras características físicas | il. ; |
| Dimensiones | 24 cm. |
| 504 ## - NOTA DE BIBLIOGRAFÍA, ETC. | |
| Nota de bibliografía, etc. | Incluye referencias bibliográficas. |
| 650 #4 - PUNTO DE ACCESO ADICIONAL DE MATERIA--TÉRMINO DE MATERIA | |
| Término de materia o nombre geográfico como elemento de entrada | Prensa |
| Subdivisión geográfica | Venezuela |
| -- | Puerto Cabello |
| Subdivisión general | Historia |
| 9 (RLIN) | 35515 |
| 650 #4 - PUNTO DE ACCESO ADICIONAL DE MATERIA--TÉRMINO DE MATERIA | |
| Término de materia o nombre geográfico como elemento de entrada | Imprenta |
| Subdivisión geográfica | Venezuela |
| -- | Puerto Cabello |
| Subdivisión general | Historia |
| 9 (RLIN) | 35516 |
| 910 ## - DATOS DE OPCIÓN DEL USUARIO (OCLC) | |
| Datos de opción del usuario | Catalogación derivada |
| Estado de retiro | Estado de pérdida | Restricciones de uso | No para préstamo | Código de colección | Localización permanente | Ubicación/localización actual | Ubicación en estantería | Fecha de adquisición | Número de inventario | Total de préstamos | Signatura topográfica completa | Código de barras | Fecha visto por última vez | Precio válido a partir de | Tipo de ítem Koha |
|---|---|---|---|---|---|---|---|---|---|---|---|---|---|---|---|
| Préstamo interno | Monografías: Libros y Folletos | General | General | En catalogación | 17.02.2010 | LF1 | 079.87328 B845p | 15779-10 | 25.06.2020 | 25.06.2020 | Préstamo interno |
